000 00552nam a2200229Ia 4500
003 OSt
005 20220916111037.0
006 a|||||r|||| 00| 0
007 ta
008 220915b |||||||| |||| 00| 0 eng d
024 _a128073
037 _cTextbook
040 _beng
_aARTS
_cARTS
041 _aeng
082 _aV688:71, G9;1
100 _aO'Brien T P
245 0 _aPrehistory of Uganda protectorate
260 _c1939
650 _aHISTORY
942 _hV688:71, G9;1
_cTB
_2CC
999 _c104338
_d104338